| 000 | 00953nam a2200301 i 4500 | ||
|---|---|---|---|
| 001 | bg | ||
| 245 | 0 | 0 |
_aWindows 2003 Server : _bksięga eksperta / _c[Rand Morimoto et al. ; tł. Adam Jarczyk, Tomasz Miszkiel, Piotr Pilch]. |
| 246 | 3 |
_iTyt. oryg. : _aMicrosoft Windows Server 2003 unleashed |
|
| 260 |
_aGliwice : _bWydawnictwo Helion, _c2004 |
||
| 300 |
_a1173 s. : _bil. ; _c25 cm. |
||
| 500 | _aNazwy aut. na okł. | ||
| 504 | _aIndeks. | ||
| 650 | 9 | _aWindows 2003 Server | |
| 655 | _aPodręczniki | ||
| 700 | 1 | _aMorimoto, Rand. | |
| 700 | 1 | _aJarczyk, Adam. | |
| 700 | 1 | _aMiszkiel, Tomasz. | |
| 700 | 1 | _aPilch, Piotr. | |
| 020 | _a8373612076 | ||
| 040 | _cBPK | ||
| 041 | 1 |
_apol _heng |
|
| 044 | _aPOL | ||
| 080 | _a004.451(07) | ||
| 920 | _a83-7361-207-6 | ||
| 942 | _cKS | ||
| 008 | s pl f |000 0 pol | ||
| 999 |
_c55946 _d55946 |
||
| 856 |
_uhttp://koha.tu.koszalin.pl/cgi-bin/koha/opac-detail.pl?biblionumber=55946 _yKatalog online BPK |
||